000 00957nmm a2200313 a 4500
001 ocm0002146055
003 TR-IsHL
005 20201028181716.0
008 190107s2017 tu tur
007 cr cn
020 _a9786051292281
035 _a2146055
_b(N$T)
050 0 4 _aHQ769
_b.D55 2017
090 0 4 _aHQ769
_b.D55 2017
100 1 _aDilek, Seda Şahin
245 1 0 _aAnne ben çocuk muyum?
_h[electronic resource] /
_cSeda Şahin Dilek ; editör Mustafa Koçak
250 _a1. Baskı
260 _aİstanbul :
_bAkis Kitap,
_c2017
300 _a208 p.
650 4 _aEğitim
650 4 _aEducation
650 0 _aEbeveyn ve Çocuk
650 0 _aParent and child
650 0 _aÇocuk yetiştirme
650 0 _aChild rearing
650 7 _aPSYCHOLOGY / Developmental / Child
_2bisacsh
700 1 _aKoçak, Mustafa
856 4 0 _uhttp://search.ebscohost.com/login.aspx?direct=true&scope=site&db=e011xww&AN=2146055
999 _c19727
_d19727